Zuhair Kunjāhī baḥais̲iyat-i nāvilʹnigār / (Record no. 525097)
[ view plain ]
| 000 -LEADER | |
|---|---|
| fixed length control field | 01685cam a2200421 i 4500 |
| 001 - CONTROL NUMBER | |
| control field | 18552872 |
| 003 - CONTROL NUMBER IDENTIFIER | |
| control field | NUST |
| 005 - DATE AND TIME OF LATEST TRANSACTION | |
| control field | 20190628062258.0 |
| 008 - FIXED-LENGTH DATA ELEMENTS--GENERAL INFORMATION | |
| fixed length control field | 150403s2011 pk b 000 0durd |
| 010 ## - LIBRARY OF CONGRESS CONTROL NUMBER | |
| LC control number | 2015327241 |
| 020 ## - INTERNATIONAL STANDARD BOOK NUMBER | |
| International Standard Book Number | 9789698631376 |
| 025 ## - OVERSEAS ACQUISITION NUMBER | |
| Overseas acquisition number | P-U-2015327241; 15 |
| 037 ## - SOURCE OF ACQUISITION | |
| Source of stock number/acquisition | Library of Congress -- Islamabad Overseas Office |
| Terms of availability | Rs 300 |
| 038 ## - RECORD CONTENT LICENSOR | |
| Staff Name | Azhar |
| 040 ## - CATALOGING SOURCE | |
| Original cataloging agency | DLC |
| Language of cataloging | eng |
| Description conventions | rda |
| Transcribing agency | DLC |
| 042 ## - AUTHENTICATION CODE | |
| Authentication code | lcode |
| -- | pcc |
| 050 00 - LIBRARY OF CONGRESS CALL NUMBER | |
| Classification number | PK2200.K864 |
| Item number | Z83 2011 |
| 066 ## - CHARACTER SETS PRESENT | |
| Alternate G0 or G1 character set | (3 |
| -- | (4 |
| 082 ## - DEWEY DECIMAL CLASSIFICATION NUMBER | |
| Classification number | 891.4393 |
| Author Mark | TAJ |
| 100 1# - MAIN ENTRY--PERSONAL NAME | |
| Linkage | 880-01 |
| Personal name | Tāj, Farzānah, |
| Relator term | author. |
| 9 (RLIN) | 15878 |
| 245 10 - TITLE STATEMENT | |
| Linkage | 880-02 |
| Title | Zuhair Kunjāhī baḥais̲iyat-i nāvilʹnigār / |
| Statement of responsibility, etc. | Farzānah Tāj. |
| 264 #1 - PRODUCTION, PUBLICATION, DISTRIBUTION, MANUFACTURE, AND COPYRIGHT NOTICE | |
| Linkage | 880-03 |
| Place of production, publication, distribution, manufacture | Rāvalpinḍī : |
| Name of producer, publisher, distributor, manufacturer | Anjum Pablisharz, |
| Date of production, publication, distribution, manufacture, or copyright notice | 2011. |
| 300 ## - PHYSICAL DESCRIPTION | |
| Extent | 118 pages ; |
| Dimensions | 22 cm |
| 336 ## - CONTENT TYPE | |
| Content type term | text |
| Content type code | txt |
| Source | rdacontent |
| 337 ## - MEDIA TYPE | |
| Media type term | unmediated |
| Media type code | n |
| Source | rdamedia |
| 338 ## - CARRIER TYPE | |
| Carrier type term | volume |
| Carrier type code | nc |
| Source | rdacarrier |
| 504 ## - BIBLIOGRAPHY, ETC. NOTE | |
| Bibliography, etc. note | Includes bibliographical references (pages 114-118). |
| 520 ## - SUMMARY, ETC. | |
| Summary, etc. | On the life and works of Zuhair Kunjāhī, 1933-; a noted Urdu author. |
| 546 ## - LANGUAGE NOTE | |
| Language note | In Urdu. |
| 600 10 - SUBJECT ADDED ENTRY--PERSONAL NAME | |
| Linkage | 880-04 |
| Personal name | Kunjāhī, Zuhair, |
| Dates associated with a name | 1933- |
| General subdivision | Criticism and interpretation. |
| 9 (RLIN) | 15879 |
| 880 1# - ALTERNATE GRAPHIC REPRESENTATION | |
| Linkage | 100-01/(3/r |
| Title | تاج، فرزانه، |
| 880 10 - ALTERNATE GRAPHIC REPRESENTATION | |
| Linkage | 245-02/(3/r |
| Title | زهير کنجاهى بحيثيت ناولنگار / |
| c | فرزانه تاج. |
| 880 #1 - ALTERNATE GRAPHIC REPRESENTATION | |
| Linkage | 264-03/(3/r |
| Title | راولپنڈى : |
| b | انجم پبلشرز، |
| c | 2011. |
| 880 10 - ALTERNATE GRAPHIC REPRESENTATION | |
| Linkage | 600-04/(4/r |
| Title | کنجاهى، زهير، |
| d | 1933- |
| x | Criticism and interpretation. |
| 906 ## - LOCAL DATA ELEMENT F, LDF (RLIN) | |
| a | 7 |
| b | cbc |
| c | origode |
| d | 3 |
| e | ncip |
| f | 20 |
| g | y-nonroman |
| 942 ## - ADDED ENTRY ELEMENTS (KOHA) | |
| Source of classification or shelving scheme | |
| Koha item type | Book |
| Withdrawn status | Lost status | Source of classification or shelving scheme | Damaged status | Not for loan | Permanent Location | Current Location | Shelving location | Date acquired | Total Checkouts | Full call number | Barcode | Date last seen | Price effective from | Koha item type |
|---|---|---|---|---|---|---|---|---|---|---|---|---|---|---|
| Central Library (CL) | Central Library (CL) | Punjabi Literature | 06/28/2019 | 891.4393 TAJ | CL-E-923 | 06/28/2019 | 06/28/2019 | Book |
